Új tanév, régi és új gondok
Elmentve itt :
| Szerző: | |
|---|---|
| Adatforrás: | Meister |
| Forrásdokumentuma: | A Hét. - 33 sz., 1993, 1 p. |
| Nyelv: | magyar |
| Kulcsszavak: | oktatáspolitika magyar oktatás (romániai) tankönyvek oktatás |
| LEADER | 00418nab a2200157 i 4500 | ||
|---|---|---|---|
| 001 | bibPRO00005482 | ||
| 008 | 060524s1993 xx hun | ||
| 040 | |a Sz1 | ||
| 041 | |a hun | ||
| 100 | 1 | |a GYÖRFI Ibolya | |
| 245 | 1 | 0 | |a Új tanév, régi és új gondok |c GYÖRFI Ibolya |
| 695 | |a oktatáspolitika | ||
| 695 | |a magyar oktatás (romániai) | ||
| 695 | |a tankönyvek | ||
| 695 | |a oktatás | ||
| 773 | 0 | |t A Hét. - |g 33 sz., 1993, 1 p. | |